[Event "Brandenburg 1-Hessen 1"]
[Site "?"]
[Date "2015.09.11"]
[Round "6.1"]
[White "Clara, Hans-Joachim"]
[Black "Schulz, Michael"]
[Result "1/2-1/2"]
[WhiteElo "2327"]
[BlackElo "2214"]
[PlyCount "21"]
[EventDate "2015.??.??"]
[WhiteTeam "Hessen 1"]
[BlackTeam "Brandenburg 1"]

1. c4 e5 2. Nc3 Nf6 3. Nf3 Nc6 4. d3 d6 5. g3 Be7 6. Bg2 O-O 7. O-O h6 8. Rb1 a5
9. a3 Bg4 10. h3 Be6 11. b4 {RA} 1/2-1/2

[Event "Brandenburg 1-Hessen 1"]
[Site "?"]
[Date "2015.09.11"]
[Round "6.2"]
[White "Walter, Guenter"]
[Black "Nehmert, Ulrich"]
[Result "1/2-1/2"]
[WhiteElo "2203"]
[BlackElo "2360"]
[PlyCount "62"]
[EventDate "2015.??.??"]

1. e4 c5 2. Nf3 Nc6 3. d4 cxd4 4. Nxd4 Qb6 5. Nb3 Nf6 6. Nc3 e6 7. Be3 Qc7 8. f4
Bb4 9. Bd3 d5 10. e5 d4 11. Nxd4 Nxd4 12. Bxd4 Nd5 13. O-O Bxc3 14. bxc3 Bd7 15.
Qe1 Ne7 16. Qf2 b6 17. a4 Bc6 18. c4 Nf5 19. c5 Nxd4 20. Qxd4 Rd8 21. cxb6 axb6
22. Qf2 Rd5 23. Rfb1 Rc5 24. a5 Rxa5 25. Rxa5 bxa5 26. Qc5 Kd7 27. Qd4+ Ke7 28.
Qc5+ Kd7 29. Bb5 Rc8 30. Bxc6+ Qxc6 31. Qxa5 Qxc2 1/2-1/2

[Event "Brandenburg 1-Hessen 1"]
[Site "?"]
[Date "2015.09.11"]
[Round "6.4"]
[White "Walkewitz, Hubert"]
[Black "Kargoll, Herbert"]
[Result "1-0"]
[WhiteElo "2140"]
[BlackElo "2184"]
[PlyCount "67"]
[EventDate "2015.??.??"]

1. d4 e6 2. Nf3 f5 3. g3 Nf6 4. Bg2 Be7 5. O-O O-O 6. c4 Ne4 7. b3 Bf6 8. Bb2
Qe8 9. Nbd2 Nxd2 10. Qxd2 d6 11. Ne1 Qg6 12. Nd3 Kh8 13. Rae1 Nc6 14. d5 Nd8 15.
f4 a5 16. e3 exd5 17. cxd5 b6 18. Rc1 Rf7 19. Nf2 Ba6 20. Rfe1 Nb7 21. e4 Bxb2
22. Qxb2 Nc5 23. e5 Re7 24. a3 Rae8 25. b4 axb4 26. axb4 Na4 27. Qd4 dxe5 28.
Rxe5 Qf6 29. Rce1 c5 30. Qe3 Rxe5 31. fxe5 Qg6 32. Qb3 f4 33. Qxa4 Rxe5 34. Rxe5
1-0

[Event "Niedersachsen 1-Baden"]
[Site "?"]
[Date "2015.09.11"]
[Round "6.1"]
[White "Nekrasov, Mihail"]
[Black "Clemens, Christian"]
[Result "1-0"]
[WhiteElo "2394"]
[BlackElo "2211"]
[PlyCount "41"]
[EventDate "2015.??.??"]
[WhiteTeam "Baden"]
[BlackTeam "Niedersachsen 1"]

1. e4 Nf6 2. e5 Nd5 3. d4 d6 4. Nf3 dxe5 5. Nxe5 c6 6. Be2 Bf5 7. O-O Nd7 8. Nf3
e6 9. c4 Nb4 10. a3 Nc2 11. Ra2 Nxd4 12. Qxd4 Bxb1 13. Bg5 f6 14. Rxb1 fxg5 15.
Qg4 Qf6 16. Nxg5 Qg6 17. Re1 O-O-O 18. Qf3 e5 19. Nf7 Bc5 20. Nxh8 Rxh8 21. Bd3
{rest unleserlich} 1-0

[Event "Niedersachsen 1-Baden"]
[Site "?"]
[Date "2015.09.11"]
[Round "6.2"]
[White "Ljubarskij, Juri"]
[Black "Werner, Clemens"]
[Result "1-0"]
[WhiteElo "2226"]
[BlackElo "2330"]
[PlyCount "111"]
[EventDate "2015.??.??"]
[WhiteTeam "Niedersachsen 1"]
[BlackTeam "Baden"]

1. e4 c5 2. Nc3 g6 3. f4 Bg7 4. Nf3 Nc6 5. Bb5 Nd4 6. a4 a6 7. Bc4 e6 8. O-O Ne7
9. d3 O-O 10. Nxd4 cxd4 11. Ne2 d5 12. Bb3 dxe4 13. dxe4 Qb6 14. a5 Qc5 15. Kh1
Bd7 16. Ng3 Rad8 17. Rf3 Kh8 18. Qe1 Qc7 19. Bd2 Bc6 20. Rf2 Rfe8 21. Bb4 Bb5
22. Qd2 Bf8 23. f5 Ng8 24. Bxf8 Rxf8 25. fxe6 f6 26. Qb4 Qe7 27. Qxe7 Nxe7 28.
Rd2 Rfe8 29. Rad1 Nc6 30. Bd5 Kg7 31. Kg1 Nxa5 32. Rxd4 Re7 33. b4 Nc6 34. R4d2
Nxb4 35. c3 Nc6 36. c4 Ba4 37. Rb1 Ne5 38. Ra2 b5 39. Ne2 Rc8 40. Nc3 Nxc4 41.
Nxa4 bxa4 42. Rxa4 Ne3 43. Ra3 Nxd5 44. exd5 Rd8 45. Ra5 Rd6 46. Kf2 f5 47. Ke3
Kf6 48. Re1 Rc7 49. Kd4 Ke7 50. Rc5 Rxc5 51. Kxc5 Rd8 52. Rb1 Rc8+ 53. Kd4 Rc2
54. Rb7+ Kf6 55. Rf7+ Kg5 56. e7 1-0

[Event "Niedersachsen 1-Baden"]
[Site "?"]
[Date "2015.09.11"]
[Round "6.3"]
[White "Herbrechtsmeier, Christof"]
[Black "Adibekian, Roubik"]
[Result "1/2-1/2"]
[WhiteElo "2275"]
[BlackElo "2210"]
[PlyCount "31"]
[EventDate "2015.??.??"]
[WhiteTeam "Baden"]
[BlackTeam "Niedersachsen 1"]

1. e4 d5 2. exd5 Nf6 3. Nc3 Nxd5 4. Bc4 Nb6 5. Bb3 Nc6 6. Qf3 e6 7. Nge2 Be7 8.
d3 O-O 9. O-O Na5 10. Bf4 Nxb3 11. axb3 Nd5 12. Nxd5 exd5 13. Qg3 c6 14. Be5 Bf6
15. Rfe1 Bxe5 16. Qxe5 1/2-1/2

[Event "Niedersachsen 1-Baden"]
[Site "?"]
[Date "2015.09.11"]
[Round "6.4"]
[White "Jolowicz, Matias"]
[Black "Kiefer, Gerhard"]
[Result "1-0"]
[WhiteElo "2159"]
[BlackElo "2230"]
[PlyCount "106"]
[EventDate "2015.??.??"]
[WhiteTeam "Niedersachsen 1"]
[BlackTeam "Baden"]

1. c4 e5 2. g3 Nf6 3. Bg2 d5 4. cxd5 Nxd5 5. Nf3 Nc6 6. O-O Nb6 7. d3 Be7 8. a3
a5 9. Nbd2 Be6 10. b3 O-O 11. Bb2 f6 12. Rc1 Qd7 13. Re1 Rfd8 14. Ne4 Nd4 15.
Nxd4 exd4 16. Nc5 Bxc5 17. Rxc5 Qd6 18. Rh5 Bf7 19. Rh4 c5 20. e3 dxe3 21. Rxe3
Nd5 22. Re1 Ne7 23. Rhe4 Nc6 24. Bh3 Nd4 25. Bxd4 cxd4 26. Be6 Rf8 27. a4 Bxe6
28. Rxe6 Qd5 29. Re7 Rf7 30. Qc2 Raf8 31. Qc4 Qxc4 32. bxc4 Rxe7 33. Rxe7 Rf7
34. Re8+ Rf8 35. Re4 Rd8 36. Re7 b6 37. Re6 Rb8 38. Rd6 Rb7 39. Rxd4 Kf7 40. Kf1
Ke6 41. Ke2 g5 42. Rd5 Rc7 43. Ke3 Rc6 44. Kd4 h6 45. Kc3 f5 46. d4 Kf6 47. Rb5
Re6 48. d5 Rd6 49. Kd4 g4 50. c5 bxc5+ 51. Rxc5 Rd8 52. Rc6+ Kg5 53. d6 Re8 1-0

[Event "Berlin 1-Bremen"]
[Site "?"]
[Date "2015.09.11"]
[Round "6.1"]
[White "Buchal, Stephan"]
[Black "Reichenbach, Werner"]
[Result "1/2-1/2"]
[WhiteElo "2297"]
[BlackElo "2214"]
[PlyCount "24"]
[EventDate "2015.??.??"]

1. Nf3 g6 2. e4 Bg7 3. d4 d6 4. Nc3 Nd7 5. Bc4 e6 6. O-O Ne7 7. Re1 a6 8. Bf1 b6
9. Bf4 Bb7 10. e5 dxe5 11. dxe5 Nd5 12. Nxd5 Bxd5 1/2-1/2

[Event "Berlin 1-Bremen"]
[Site "?"]
[Date "2015.09.11"]
[Round "6.2"]
[White "Postler, Reinhard"]
[Black "Rust-Lux, Klaus"]
[Result "1/2-1/2"]
[WhiteElo "2215"]
[BlackElo "2106"]
[PlyCount "115"]
[EventDate "2015.??.??"]

1. e4 c5 2. Nf3 e6 3. d4 cxd4 4. Nxd4 Nf6 5. Nc3 d6 6. Be2 Be7 7. O-O a6 8. f4
Qc7 9. Be3 O-O 10. g4 b5 11. g5 Nfd7 12. a3 Nc6 13. f5 Nxd4 14. Qxd4 Qd8 15. h4
Bb7 16. Rf2 d5 17. fxe6 fxe6 18. Rxf8+ Bxf8 19. exd5 Bc5 20. Qe4 exd5 21. Qe6+
Kh8 22. Bxc5 Nxc5 23. Qe5 Ne4 24. Nxe4 dxe4 25. Rd1 Qb6+ 26. Qd4 Qc7 27. Qd6 Qc8
28. Kh2 Kg8 29. c3 Qc6 30. Qxc6 Bxc6 31. Rd6 Rc8 32. Kg3 Kf7 33. Bg4 Rc7 34. Kf4
Ke7 35. Re6+ Kf7 36. h5 Bb7 37. Rb6 Re7 38. Ke3 Ke8 39. Bf5 Kd8 40. h6 g6 41.
Bg4 Kc7 42. Rf6 a5 43. Rf8 Kd6 44. Rg8 Bd5 45. Rg7 a4 46. Kd4 Bc6 47. Rxe7 Kxe7
48. Ke5 e3 49. Kd4 Kd6 50. Kxe3 Ke5 51. Bc8 Be8 52. Kf3 Bc6+ 53. Kg3 Bd5 54. Bd7
Bc4 55. Kf3 Bd3 56. Ke3 Bc4 57. Bh3 Bb3 58. Bd7 1/2-1/2

[Event "Berlin 1-Bremen"]
[Site "?"]
[Date "2015.09.11"]
[Round "6.3"]
[White "Gerhardt, Peter-Michael"]
[Black "Thormann, Wolfgang"]
[Result "1/2-1/2"]
[WhiteElo "1969"]
[BlackElo "2224"]
[PlyCount "31"]
[EventDate "2015.??.??"]

1. d4 e6 2. Nf3 f5 3. g3 b6 4. Bg2 Bb7 5. O-O Nf6 6. c4 Be7 7. Nc3 Ne4 8. Qc2
Nxc3 9. Qxc3 Bf6 10. Qd2 Be4 11. b3 O-O 12. Bb2 a5 13. Rfd1 Qe8 14. Ne1 Bxg2 15.
Nxg2 Na6 16. e3 1/2-1/2

[Event "Berlin 1-Bremen"]
[Site "?"]
[Date "2015.09.11"]
[Round "6.4"]
[White "Baumbach, Friedrich"]
[Black "Meyer, Irmin"]
[Result "1/2-1/2"]
[WhiteElo "2141"]
[BlackElo "1991"]
[PlyCount "40"]
[EventDate "2015.??.??"]

1. d4 Nf6 2. c4 e6 3. Nf3 b6 4. Nc3 Bb7 5. e3 Bb4 6. Bd2 O-O 7. Bd3 c5 8. O-O d5
9. cxd5 exd5 10. dxc5 bxc5 11. Na4 Nbd7 12. Rc1 Rc8 13. Bxb4 cxb4 14. Qb3 Qa5
15. Nd4 Ne5 16. Bf5 Rc4 17. Nc3 g6 18. Bb1 Ba6 19. Nce2 Rfc8 20. Rfe1 Nfd7
1/2-1/2

[Event "Berlin 2-Wuerttemberg 1"]
[Site "?"]
[Date "2015.09.11"]
[Round "6.1"]
[White "Frick, Christoph"]
[Black "Welz, Peter, Dr."]
[Result "1-0"]
[WhiteElo "2204"]
[BlackElo "2095"]

1. e4 e6 2. Nc3 d5 3. d3 dxe4 4. Nxe4 Nf6 5. Qe2 Nxe4 6. dxe4 Nc6 7. Nf3 Nd4 8.
Nxd4 Qxd4 9. c3 Qd7 10. Bf4 Bc5 11. Qh5 Bb6 12. Bb5 c6 13. Rd1 Qe7 14. Be2 Qc5
15. O-O Qxh5 16. Bxh5 O-O 17. Be2 e5 18. Bxe5 Re8 19. Bd4 c5 20. Be3 Rxe4 21.
Rd2 Bg4 22. Bxg4 Rxg4 23. Rd7 f5 24. g3 Ra4 25. a3 h6 26. h4 Rg4 27. Rfd1 Rf8
28. Kf1 c4 29. Bf4 Rg6 30. Rxb7 Rf7 31. Rb8+ Kh7 32. Rd5 Re6 33. Be5 Kg6 34. Rc8
Rfe7 35. f4 Kh5 36. Kg2 g5 37. hxg5 hxg5 38. Rxc4 gxf4 39. gxf4 Rg6+ 40. Kf3 Rg1
41. Rd2 Rf1+ 42. Ke2 Rf2+ 43. Kd1 Kg4 44. b4 Rh7 45. Rxf2 Bxf2 46. Rc7 Rh2 47.
a4 Be3 48. Rd7 Kf3 49. c4 Bxf4 50. Bxf4 Kxf4 51. c5 Ke3 52. c6 Rh8 53. c7 Rc8
54. b5 f4 55. a5 1-0

[Event "Berlin 2-Wuerttemberg 1"]
[Site "?"]
[Date "2015.09.11"]
[Round "6.2"]
[White "Albrecht, Rainer"]
[Black "Fritsch, Rolf"]
[Result "0-1"]
[WhiteElo "2036"]
[BlackElo "2219"]

1. d4 g6 2. c4 Bg7 3. Nc3 d6 4. e4 Nc6 5. d5 Nd4 6. Be3 e5 7. dxe6 Nxe6 8. Nf3
Bxc3+ 9. bxc3 Nf6 10. Qc2 O-O 11. Be2 b6 12. Nd4 Bb7 13. f3 Qe7 14. O-O Nh5 15.
Rfe1 Nhg7 16. Bd3 Nc5 17. Bf1 Rae8 18. Bf2 Qd7 19. Rad1 Qc8 20. Rd2 a6 21. Nb3
Bc6 22. Nd4 Bd7 23. Rde2 f6 24. Qc1 Nd3 0-1

[Event "Berlin 2-Wuerttemberg 1"]
[Site "?"]
[Date "2015.09.11"]
[Round "6.3"]
[White "Seyfried, Claus"]
[Black "Federau, Juergen"]
[Result "1/2-1/2"]
[WhiteElo "2159"]
[BlackElo "2121"]

1. e4 c5 2. c3 d5 3. exd5 Qxd5 4. d4 Nf6 5. Nf3 Bg4 6. dxc5 Qxc5 7. h3 Bf5 8.
Na3 a6 9. Be3 Qc7 10. Nc4 Nbd7 11. Qd4 Be4 12. Nce5 e6 13. Nxd7 Qxd7 14. Be2
Qxd4 15. Bxd4 Be7 16. O-O O-O 17. Rfd1 1/2-1/2

[Event "Berlin 2-Wuerttemberg 1"]
[Site "?"]
[Date "2015.09.11"]
[Round "6.4"]
[White "Sprotte, Norbert"]
[Black "Weisenburger, Horst"]
[Result "1-0"]
[WhiteElo "2186"]
[BlackElo "2153"]

1. d4 f5 2. g3 g6 3. Bg2 Bg7 4. Nh3 Nf6 5. Nf4 Nc6 6. c3 e5 7. dxe5 Nxe5 8. O-O
O-O 9. Bxb7 Bxb7 10. Qb3+ Kh8 11. Qxb7 Ne4 12. f3 Nd6 13. Qd5 Rb8 14. b3 Qe8 15.
Ba3 Rf6 16. Qd1 Nb5 17. Bc5 Rc6 18. Bf2 g5 19. Ng2 Qh5 20. Qc2 Qh3 21. Kh1 Nxf3
22. exf3 Rh6 23. Bg1 Be5 24. f4 gxf4 25. gxf4 Bf6 26. Qe2 Rg8 27. Rf3 Qh5 28.
Re3 Rg4 29. Qxb5 Rhg6 30. Re8+ Kg7 31. Re2 c6 32. Qd3 Rg3 33. Qxd7+ Kh6 34. Qd2
Bh4 35. Na3 Rh3 36. Nxh4 Rxh4 37. Rg2 Qf3 38. Qe2 Qd5 39. c4 Qd6 40. Nc2 Rhg4
1-0

[Event "Bayern-Hamburg 1"]
[Site "?"]
[Date "2015.09.11"]
[Round "6.3"]
[White "Maahs, Erich"]
[Black "Daeubler, Heinrich"]
[Result "0-1"]
[WhiteElo "2081"]
[BlackElo "2165"]
[PlyCount "102"]
[EventDate "2015.??.??"]
[WhiteTeam "Hamburg 1"]
[BlackTeam "Bayern"]

1. d4 d5 2. Nc3 e6 3. Nf3 Nf6 4. Bg5 Bb4 5. Qd3 Nc6 6. e3 h6 7. Bxf6 Qxf6 8. Be2
Bd7 9. O-O-O O-O-O 10. Kb1 Kb8 11. e4 Bxc3 12. bxc3 Qg6 13. e5 Qxd3 14. cxd3 Na5
15. Nd2 Ba4 16. Rdf1 Rc8 17. Kb2 c5 18. dxc5 Rxc5 19. d4 Rc6 20. Ka3 b5 21. Rc1
Rhc8 22. Kb4 Nb7 23. Bxb5 Bxb5 24. Kxb5 Rxc3 25. Rxc3 Rxc3 26. a4 Rc2 27. Rd1
Rb2+ 28. Kc6 Kc8 29. a5 Nxa5+ 30. Kd6 Rxd2 31. Ra1 Nc4+ 32. Ke7 a5 33. f4 Rxg2
34. Kxf7 Kd7 35. Rb1 a4 36. Rb7+ Kc6 37. Ra7 a3 38. Kxe6 Kb6 39. Ra8 Na5 40.
Rb8+ Ka7 41. Rb4 a2 42. Ra4 Kb6 43. f5 Kb5 44. Ra3 Kb4 45. Rxa2 Rxa2 46. Kxd5
Rxh2 47. Ke6 Nc4 48. Kf7 Rg2 49. f6 gxf6 50. exf6 h5 51. Ke6 h4 0-1

[Event "Bayern-Hamburg 1"]
[Site "?"]
[Date "2015.09.11"]
[Round "6.4"]
[White "Straub, Peter"]
[Black "Kuhn, Gerd"]
[Result "1/2-1/2"]
[WhiteElo "2096"]
[BlackElo "2076"]
[PlyCount "32"]
[EventDate "2015.??.??"]
[WhiteTeam "Bayern"]
[BlackTeam "Hamburg 1"]

1. d4 Nf6 2. Nf3 c5 3. c4 cxd4 4. Nxd4 Nc6 5. Nc3 g6 6. e4 d6 7. Be2 Bg7 8. Be3
O-O 9. O-O Nxd4 10. Bxd4 Be6 11. Rc1 a6 12. b3 Re8 13. Qd3 Nd7 14. Bxg7 Kxg7 15.
f4 Qb6+ 16. Kh1 f5  1/2-1/2

[Event "Rheinland-Pfalz 1-Mecklenburg-Vorpommern 1"]
[Site "?"]
[Date "2015.09.11"]
[Round "6.1"]
[White "Ackermann, Hans Werner"]
[Black "Giesen, Dieter"]
[Result "1/2-1/2"]
[WhiteElo "2333"]
[BlackElo "2201"]

1. Nf3 d5 2. b3 Bf5 3. Bb2 e6 4. g3 h6 5. Bg2 Nd7 6. c4 c6 7. O-O Ngf6 8. d3 Bc5
9. Nc3 O-O 10. Qd2 Qe7 11. a3 a5 12. e3 Rfd8 13. Qe2 Bg4 14. d4 Bd6 15. e4 dxe4
16. Nxe4 Nxe4 17. Qxe4 Nf6 18. Qe3 c5 19. a4 Rac8 20. h3 Bf5 21. Nh4 Bh7 22.
Rad1 b6 23. Nf3 cxd4 24. Nxd4 Bf5 25. Qf3 Be4 26. Qe2 Qb7 27. Bxe4 Qxe4 28. Rfe1
Qxe2 29. Rxe2 Rd7 30. Red2 Ne4 31. Re2 Nf6 32. Red2 Ne4 33. Re2 Nf6 1/2-1/2

[Event "Rheinland-Pfalz 1-Mecklenburg-Vorpommern 1"]
[Site "?"]
[Date "2015.09.11"]
[Round "6.2"]
[White "Schumacher, Gottfried"]
[Black "Jeske, Eckhard"]
[Result "1-0"]
[WhiteElo "2218"]
[BlackElo "2144"]

1. e4 c6 2. Nf3 d5 3. e5 Bg4 4. h3 Bxf3 5. Qxf3 e6 6. Qg3 Ne7 7. d4 c5 8. dxc5
Nd7 9. b4 Nc6 10. a3 Ncxe5 11. Bb2 Ng6 12. c4 Nf6 13. cxd5 Nxd5 14. Bb5+ Ke7 15.
Nc3 Nxc3 16. Bxc3 Qb8 17. Qf3 a6 18. Ba4 Qc7 19. Rd1 Rd8 20. O-O 1-0

[Event "Rheinland-Pfalz 1-Mecklenburg-Vorpommern 1"]
[Site "?"]
[Date "2015.09.11"]
[Round "6.3"]
[White "Pruesse, Horst"]
[Black "Villing, Dieter"]
[Result "1-0"]
[WhiteElo "2037"]
[BlackElo "2103"]

1. e4 c5 2. Nc3 Nc6 3. Bb5 g6 4. Bxc6 dxc6 5. f4 Bg7 6. Nf3 Nf6 7. O-O O-O 8. d3
Ne8 9. Qe1 Nc7 10. Qh4 Ne6 11. f5 Nd4 12. Bh6 Nxf3+ 13. Rxf3 Bxh6 14. Qxh6 Qd4+
15. Kh1 Qg7 16. Qg5 Qf6 17. Qg3 Qd4 18. Raf1 Bd7 19. e5 f6 20. fxg6 h5 21. exf6
exf6 22. Ne4 f5 23. c3 Qg7 24. Nxc5 Rae8 25. Qg5 Bc8 26. Qxh5 b6 27. Nb3 c5 28.
d4 Ba6 29. Rg1 Be2 30. Qh7+ Qxh7 31. gxh7+ Kxh7 32. Rh3+ Kg6 33. dxc5 Bg4 34.
Rd3 bxc5 35. Rd2 Re5 36. Rf1 f4 37. h3 Be6 38. Rd6 Rf6 39. Rf2 Ref5 40. Nd2 Bd5
41. Rxf6+ Rxf6 42. c4 Bf7 43. b3 Kf5 44. g3 Ke5 45. Nf3+ Kf5 46. g4+ Ke4 47. Kg2
Ke3 48. Ng1 Bg6 49. Re2+ Kd4 50. Nf3+ Kd3 51. Kf2 Kc3 52. g5 Rd6 53. Re5 Rd3 54.
Rd5 Re3 55. Rxc5 Bh5 56. Ng1 Kb2 57. Ra5 Rc3 58. Re5 Rc2+ 59. Kf1 Kxa2 60. Ne2
f3 61. Nf4 Rc1+ 62. Re1 Rxe1+ 63. Kxe1 Be8 64. g6 Kxb3 65. g7 Bf7 66. c5 Kc4 67.
c6 Kd4 68. Kf2 1-0

[Event "Rheinland-Pfalz 1-Mecklenburg-Vorpommern 1"]
[Site "?"]
[Date "2015.09.11"]
[Round "6.4"]
[White "Kelchner, Hans"]
[Black "Kliewe, Hans-Juergen"]
[Result "1/2-1/2"]
[WhiteElo "2161"]
[BlackElo "2026"]

1. d4 d5 2. Bf4 Bf5 3. e3 e6 4. Nf3 c5 5. c3 Qb6 6. Qb3 c4 7. Qxb6 axb6 8. Nbd2
Nf6 9. a3 Nc6 10. h3 h6 11. Be2 b5 12. O-O Nd7 13. Ne5 Ndxe5 14. dxe5 Bc5 15.
Nf3 O-O 16. Nd4 Bxd4 17. exd4 Kh7 18. Bd2 Na5 19. Rae1 Rae8 20. g4 Bc2 21. f4 f5
22. Kh2 Be4 23. Rg1 g6 24. Ref1 Nc6 25. Be3 Rg8 26. Bd1 Ref8 27. gxf5 Bxf5 28.
Be2 Ra8 1/2-1/2

[Event "Schleswig-Holstein 1-Sachsen-Anhalt 1"]
[Site "?"]
[Date "2015.09.11"]
[Round "6.2"]
[White "Gruzmann, Boris"]
[Black "Hamm, Georg, Dr."]
[Result "1/2-1/2"]
[WhiteElo "2259"]
[BlackElo "2133"]

1. e4 g6 2. d4 c6 3. Nc3 Bg7 4. Be3 d5 5. e5 Nh6 6. h4 Nf5 7. h5 Nxe3 8. fxe3
Qb6 9. Na4 Qa5+ 10. c3 Bf5 11. b4 Qc7 12. Bd3 e6 13. g4 Bxd3 14. Qxd3 Nd7 15.
hxg6 hxg6 16. Rxh8+ Bxh8 17. Nf3 a5 18. Nb2 b5 19. a3 Bg7 1/2-1/2

[Event "Schleswig-Holstein 1-Sachsen-Anhalt 1"]
[Site "?"]
[Date "2015.09.11"]
[Round "6.3"]
[White "Mikolajewski, Armin"]
[Black "Neumann, Joachim"]
[Result "1/2-1/2"]
[WhiteElo "2080"]
[BlackElo "2112"]

1. d4 Nf6 2. c4 e6 3. Nf3 b6 4. e3 Bb7 5. Nc3 d5 6. cxd5 exd5 7. Bb5+ c6 8. Be2
Nbd7 9. O-O Bd6 10. Bd3 O-O 11. Re1 Re8 12. e4 dxe4 13. Nxe4 Nxe4 14. Bxe4 h6
15. Bd2 Nf6 16. Bd3 Rxe1+ 17. Bxe1 c5 18. dxc5 Bxc5 19. b4 Bd6 20. Rc1 Qe7 21.
a3 Rd8 22. Qe2 Qxe2 1/2-1/2

[Event "Schleswig-Holstein 1-Sachsen-Anhalt 1"]
[Site "?"]
[Date "2015.09.11"]
[Round "6.4"]
[White "Dittmann, Hans-Adolf"]
[Black "Bauer, Burkhard"]
[Result "0-1"]
[WhiteElo "2141"]
[BlackElo "2052"]

1. d4 f5 2. Bf4 Nf6 3. e3 g6 4. c4 Bg7 5. Nc3 d6 6. h3 c6 7. Bd3 Nbd7 8. Nf3 O-O
9. O-O Qe8 10. d5 Nc5 11. Bc2 Bd7 12. Rb1 Na6 13. Bh2 c5 14. e4 fxe4 15. Nxe4
Nxe4 16. Bxe4 Qf7 17. b3 Nc7 18. Qe2 Rab8 19. Rbd1 b5 20. Ng5 Qf6 21. Nxh7 Kxh7
22. Qh5+ Bh6 23. Rd3 Bf5 24. Qe2 Bxe4 25. Qxe4 Rbe8 26. f4 Bg7 27. g4 e6 28.
dxe6 Rxe6 29. Qc6 bxc4 30. bxc4 Ne8 31. f5 gxf5 32. gxf5 Re2 33. Rg3 Qd4+ 34.
Kh1 Qe4+ 35. Qxe4 Rxe4 36. Rg6 Rxf5 0-1

[Event "Hamburg 2-Niedersachsen 2"]
[Site "?"]
[Date "2015.09.11"]
[Round "6.1"]
[White "Jentsch, Dieter"]
[Black "Felten, Joachim"]
[Result "1/2-1/2"]
[WhiteElo "2172"]
[BlackElo "2099"]

1. e4 e6 2. d4 d5 3. Nc3 dxe4 4. Nxe4 Nd7 5. Nf3 Ngf6 6. Ng3 c5 7. Bd3 Be7 8.
O-O O-O 9. c3 b6 10. Qe2 Bb7 11. Re1 Qc7 12. Ne5 Rad8 13. Bf4 Nd5 14. Bd2 cxd4
15. cxd4 Bb4 16. Rac1 Qd6 17. Ne4 Qe7 18. Bxb4 Nxb4 19. Rc7 1/2-1/2

[Event "Hamburg 2-Niedersachsen 2"]
[Site "?"]
[Date "2015.09.11"]
[Round "6.2"]
[White "Varain, Ernst-Helmuth"]
[Black "Pape, Manfred"]
[Result "1/2-1/2"]
[WhiteElo "2079"]
[BlackElo "2115"]

1. e4 g6 2. d4 Bg7 3. Nf3 d6 4. Bc4 Nf6 5. Nc3 O-O 6. O-O Bg4 7. h3 Bxf3 8. Qxf3
Nc6 9. Be3 e5 10. d5 Nd4 11. Qd1 c6 12. a4 a5 13. Qd3 Nd7 14. f3 Kh8 15. Ne2
1/2-1/2

[Event "Hamburg 2-Niedersachsen 2"]
[Site "?"]
[Date "2015.09.11"]
[Round "6.3"]
[White "Kaiser, Gerhard"]
[Black "Gerigk, Wolf"]
[Result "1/2-1/2"]
[WhiteElo "2152"]
[BlackElo "2055"]

1. e4 Nc6 2. Nf3 d5 3. exd5 Qxd5 4. Nc3 Qa5 5. d4 e6 6. Bc4 Nf6 7. O-O Bd7 8.
Bd2 O-O-O 9. a3 Qh5 10. Be2 Nd5 11. Ng5 Nxc3 12. bxc3 Qg6 13. Bh5 Qf5 14. Nxf7
g6 15. Nxd8 gxh5 16. Nxc6 Bxc6 17. Qe2 Rg8 18. f3 Bd6 19. Rae1 Kd7 20. c4 Qh3
21. Qxe6+ Qxe6 22. Rxe6 Kxe6 23. d5+ Kd7 1/2-1/2

[Event "Hamburg 2-Niedersachsen 2"]
[Site "?"]
[Date "2015.09.11"]
[Round "6.4"]
[White "Krotofil, Kurt"]
[Black "Schneider, Alexander"]
[Result "1/2-1/2"]
[WhiteElo "1958"]
[BlackElo "1989"]

1. d4 d5 2. c4 e6 3. Nc3 Nf6 4. Bg5 Be7 5. e3 h6 6. Bh4 O-O 7. Nf3 Nbd7 8. Rc1
a6 9. cxd5 exd5 10. Bd3 c6 11. O-O Ne4 12. Bxe7 Qxe7 13. Bb1 Ndf6 14. Ne5 Bf5
15. Qe1 Rfe8 16. a3 Nd6 17. Bxf5 Nxf5 18. Qd1 Rad8 19. Qb3 Nd6 20. Na4 Nfe4 21.
Qc2 f6 22. Nf3 Nc4 23. Nc3 f5 24. g3 g5 25. Nxe4 fxe4 26. Nd2 Nd6 27. Kg2 Kg7
28. Qd1 Rf8 29. Qg4 Rf5 30. Rce1 Rdf8 31. f4 exf3+ 32. Rxf3 Rxf3 33. Nxf3 Ne4
34. h4 Nf6 35. Qf5 Ne4 36. Qg4 Nf6 37. Qf5 Qe4 38. Qxe4 Nxe4 39. hxg5 hxg5 40.
Re2 Kh6 41. g4 Kg7 42. Ne5 Rh8 43. Nf3 1/2-1/2

[Event "Wuerttemberg 2-Brandenburg 2"]
[Site "?"]
[Date "2015.09.11"]
[Round "6.1"]
[White "Ellenberg, Ekkehard"]
[Black "Wolf, Walter"]
[Result "1/2-1/2"]
[WhiteElo "2106"]
[BlackElo "2125"]
[PlyCount "91"]
[EventDate "2015.??.??"]
[WhiteTeam "Brandenburg 2"]
[BlackTeam "Wuerttemberg 2"]

1. Nf3 g6 2. g3 Bg7 3. Bg2 d6 4. c3 f5 5. d3 Nf6 6. Qb3 c6 7. O-O e5 8. e4 Qe7
9. Re1 Be6 10. Qc2 fxe4 11. dxe4 O-O 12. Nbd2 Kh8 13. b3 Na6 14. Ba3 Nh5 15.
Rad1 Rad8 16. Nc4 Bxc4 17. bxc4 Nc7 18. Rb1 b6 19. Rbd1 Ne6 20. Bc1 Nc5 21. Bg5
Bf6 22. h4 Bxg5 23. Nxg5 Rf6 24. Rd2 h6 25. Nh3 Qe6 26. Bf1 Nb7 27. Qa4 Qg4 28.
Re3 Na5 29. Qd1 Qd7 30. Kg2 Nb7 31. f3 Nc5 32. Nf2 Kh7 33. Ng4 Re6 34. Kh2 Ree8
35. Bh3 Qe7 36. Re1 Nf6 37. Ne3 Rf8 38. Qe2 Nh5 39. Red1 Nb7 40. Bg4 Nf6 41. Bh3
Rf7 42. Rf1 Rdf8 43. Qd1 Ne8 44. Bg2 Nf6 45. Qa4 Na5 46. Qd1 1/2-1/2

[Event "Wuerttemberg 2-Brandenburg 2"]
[Site "?"]
[Date "2015.09.11"]
[Round "6.2"]
[White "Schmid, Hartmut"]
[Black "Urban, Hans-Rainer"]
[Result "0-1"]
[WhiteElo "2147"]
[BlackElo "2076"]
[PlyCount "198"]
[EventDate "2015.??.??"]
[WhiteTeam "Wuerttemberg 2"]
[BlackTeam "Brandenburg 2"]

1. e4 e5 2. Nf3 Nc6 3. d4 exd4 4. Nxd4 Bc5 5. Be3 Qf6 6. c3 Nge7 7. Bc4 Ne5 8.
Be2 h5 9. Nd2 d6 10. f4 Ng4 11. Bxg4 hxg4 12. Qe2 Bd7 13. O-O-O O-O-O 14. g3
Rhe8 15. Rhf1 Bxd4 16. Bxd4 Qe6 17. Kb1 c5 18. Bg1 f5 19. e5 Nc6 20. Nc4 d5 21.
Na3 c4 22. Rd2 Kb8 23. Qf2 d4 24. cxd4 Qd5 25. Rc1 Na5 26. Qe3 Rc8 27. Qc3 Re6
28. Re1 Rb6 29. Rde2 Be6 30. Rd1 Qf3 31. Qxf3 gxf3 32. Re3 Bd5 33. Ka1 Nc6 34.
Rc3 Nb4 35. Rd2 a6 36. Nc2 Nxc2+ 37. Rdxc2 Rbc6 38. Be3 b5 39. Rc1 Kb7 40. Bd2
b4 41. Re3 a5 42. Be1 Ka6 43. Bf2 Kb5 44. Rd1 a4 45. e6 Rxe6 46. Re5 Kc6 47. Be1
Rb8 48. Kb1 a3 49. b3 Rxe5 50. dxe5 cxb3 51. axb3 Bxb3 52. Rd6+ Kc5 53. Bf2+ Kc4
54. e6 Ba4 55. e7 Re8 56. Re6 b3 57. Re5 b2 58. Bc5 Bd1 59. Bf2 Be2 60. Ka2 Bd3
61. Kxa3 b1=N+ 62. Kb2 Nd2 63. Rc5+ Kb4 64. Rd5 Ne4 65. Rxd3 Nxf2 66. Rxf3 Ne4
67. h3 Rxe7 68. g4 g6 69. Rd3 Kc5 70. Rd8 Re6 71. Rf8 Nd6 72. g5 Kd4 73. h4 Ke4
74. h5 gxh5 75. Rh8 Kxf4 76. Rxh5 Rg6 77. Kc2 Rxg5 78. Rh6 Ne4 79. Kd3 Rg3+ 80.
Kd4 Nf2 81. Rh4+ Rg4 82. Rh5 Ne4 83. Kd3 Rg3+ 84. Kd4 Nf6 85. Rh6 Ng4 86. Ra6
Re3 87. Ra5 Re4+ 88. Kd3 Ne5+ 89. Kc2 Ke3 90. Ra3+ Ke2 91. Rh3 f4 92. Rh2+ Ke3
93. Rh3+ f3 94. Kd1 Rd4+ 95. Ke1 Ra4 96. Kd1 Ra1+ 97. Kc2 Nd3 98. Rg3 Rc1+ 99.
Kb3 Ke2 0-1

[Event "Wuerttemberg 2-Brandenburg 2"]
[Site "?"]
[Date "2015.09.11"]
[Round "6.3"]
[White "Nuenchert, Eveline"]
[Black "Lainburg, Viktor"]
[Result "1/2-1/2"]
[WhiteElo "2054"]
[BlackElo "2127"]
[PlyCount "68"]
[EventDate "2015.??.??"]
[WhiteTeam "Brandenburg 2"]
[BlackTeam "Wuerttemberg 2"]

1. e4 Nf6 2. e5 Nd5 3. d4 d6 4. Nf3 dxe5 5. Nxe5 c6 6. c3 g6 7. Qf3 Be6 8. Nd2
Bg7 9. Qg3 O-O 10. Ndf3 Nd7 11. Bd3 Nxe5 12. Nxe5 c5 13. Be3 f5 14. f4 Nxe3 15.
Qxe3 cxd4 16. cxd4 Qb6 17. O-O Rfd8 18. Rad1 Qxd4 19. Qxd4 Rxd4 20. Bxf5 Bxf5
21. Rxd4 Rc8 22. Rfd1 Rc2 23. R4d2 Rxd2 24. Rxd2 Bxe5 25. fxe5 Kf7 26. Kf2 Ke6
27. Re2 Bb1 28. b3 Kf5 29. Kf3 h5 30. h3 h4 31. g3 hxg3 32. Kxg3 Be4 33. h4 a5
34. a3 e6 1/2-1/2